Efectos del silencio administrativo positivo por parte de la administración del estado: manual práctico para la consecución de lo concedido en virtud de dicho silencio administrativo positivo
Sparad:
| Huvudupphovsman: | |
|---|---|
| Materialtyp: | Bok |
| Språk: | spanska |
| Publicerad: |
Madrid
Dykinson
2003
|
| Ämnen: | |
| Taggar: |
Lägg till en tagg
Inga taggar, Lägg till första taggen!
|
MARC
| LEADER | 00000nam a2200000 a 4500 | ||
|---|---|---|---|
| 001 | UCL8136 | ||
| 003 | CL-VaPUC | ||
| 008 | 040611e20030000SP |||||||||||||||||spa|d | ||
| 020 | |a 8497720385 | ||
| 082 | 0 | 4 | |a 342.46066 |b MAR |2 21 |
| 100 | |a Martínez Fernández de Velasco, Juan |e autor |9 486105 | ||
| 245 | 1 | 0 | |a Efectos del silencio administrativo positivo por parte de la administración del estado: manual práctico para la consecución de lo concedido en virtud de dicho silencio administrativo positivo |
| 300 | |a 108 p | ||
| 942 | |c BK | ||
| 945 | |d 20040611 00:00:00 |a cmena | ||
| 260 | |a Madrid |b Dykinson |c 2003 | ||
| 650 | 0 | |a Derecho administrativo |9 254851 | |
| 650 | 7 | |a SILENCIO |2 CL-VaPUC |9 256537 | |
| 583 | |a last modification |c 20040611 00:00:00 |k Rodrigo Vera | ||
| 999 | |c 309587 |d 309585 | ||
| 952 | |0 0 |1 0 |4 0 |6 342_460660000000000_MAR_2003 |7 0 |8 A |9 377114 |a BIBDER |b BIBDER |d 2019-11-21 |i 4021584 |o 342.46066 MAR 2003 |p 4021584 |r 2023-01-25 |w 2019-11-21 |y BK |k DER | ||